000 00568nam a22001817a 4500
005 20240805144811.0
010 _aENG-141223
020 _a9789391772994
_c330.00
035 _aEN-124754
037 _bDBAD
082 _a658.3
_2First
100 _aDevasena, S.Valli
_969476
245 _aHuman Resource Management and Collective Bargaining/
_cby S.Valli Devasena
260 _aChennai
_bForschung
_c2024
270 _a303, Uni Homes phase 2, Malrojapuram, kandigai
_bChennai
_e600127
300 _a205P;
_c22cm(Pb)
942 _2ddc
_cEN
_h658.3
_mDev
999 _c204831
_d204831